000
00240nam a22000857a 4500
008
161206b xxu||||| |||| 00| 0 eng d
100
_9
1872
_a
Aakash Institute
245
_a
Chemistry and physics theory
260
_a
New delhi
_b
Aakash institute
_c
2005
999
_c
4619
_d
4619